Kab ? kyoon? aur kahan? : (Record no. 45229)
[ view plain ]
| 000 -LEADER | |
|---|---|
| fixed length control field | 01312njm a22002537a 4500 |
| 005 - DATE AND TIME OF LATEST TRANSACTION | |
| control field | 20100910100738.0 |
| 007 - PHYSICAL DESCRIPTION FIXED FIELD--GENERAL INFORMATION | |
| fixed length control field | sd ammalaaahaa |
| 008 - FIXED-LENGTH DATA ELEMENTS--GENERAL INFORMATION | |
| fixed length control field | 100910t xxu||||| |||| 00| 0 hin d |
| 028 ## - PUBLISHER NUMBER | |
| Publisher number | 45-AE. 1505 |
| Source | Angel Record |
| 035 ## - SYSTEM CONTROL NUMBER | |
| System control number | GR-01976 |
| 040 ## - CATALOGING SOURCE | |
| Original cataloging agency | SED/VEN |
| 100 ## - MAIN ENTRY--PERSONAL NAME | |
| Personal name | Mohd. Rafi |
| 9 (RLIN) | 19310 |
| 245 ## - TITLE STATEMENT | |
| Title | Kab ? kyoon? aur kahan? : |
| Statement of responsibility, etc | by Mohd. Rafi ; music by Kalyanji Anandji ; Aajaan |
| Medium | [sound recording] : |
| 246 ## - VARYING FORM OF TITLE | |
| Title proper/short title | कब ? क्यूं और कहाँ ? (मोहमद रफ़ी ) |
| 260 ## - PUBLICATION, DISTRIBUTION, ETC. (IMPRINT) | |
| Place of publication, distribution, etc | Dum Dum India |
| Name of publisher, distributor, etc | Angel Record |
| Date of publication, distribution, etc | 1970 |
| 300 ## - PHYSICAL DESCRIPTION | |
| Extent | 1 sound disc [Gramophone record] : |
| Other physical details | analog, 45 1/3 rpm |
| Dimensions | 7 in. |
| Type of unit | Gramophone Record |
| 500 ## - GENERAL NOTE | |
| General note | Brief Record |
| 505 ## - FORMATTED CONTENTS NOTE | |
| Formatted contents note | Dil to dil hai part 1 (Kab? kyoon? aur kahan) (Mohd. Rafi) दिल तो दिल है पार्ट १ (कब क्यूं और कहाँ ) (मोहमद रफ़ी ) Yeh ankhen jhuki jhuki si part 2 (Kab kyoon aur kahan) (Asha Bhosle &Usha khanna) यह ऑंखें झुकी झुकी सी पार्ट २ (कब क्यूं और कहाँ ) (आशा भोसले & उषा खन्ना ) |
| 650 ## - SUBJECT ADDED ENTRY--TOPICAL TERM | |
| Topical term or geographic name as entry element | Classical Music |
| General subdivision | Excerpts |
| Geographic subdivision | India |
| 9 (RLIN) | 19311 |
| 700 ## - ADDED ENTRY--PERSONAL NAME | |
| Personal name | Kalyanji Anandji |
| 9 (RLIN) | 19312 |
| 700 ## - ADDED ENTRY--PERSONAL NAME | |
| Personal name | Aajaan |
| 9 (RLIN) | 19313 |
| 700 ## - ADDED ENTRY--PERSONAL NAME | |
| 9 (RLIN) | 19314 |
| 942 ## - ADDED ENTRY ELEMENTS (KOHA) | |
| Source of classification or shelving scheme | Dewey Decimal Classification |
| Item type | Gramaphone Records |
No items available.
